Hindu ethos and the challenge of change (Record no. 343584)

000 -LEADER
fixed length control field 00409cam a22001457a 4500
008 - FIXED-LENGTH DATA ELEMENTS--GENERAL INFORMATION
fixed length control field 180718b1972 xxu||||| |||| 00| 0 eng d
082 ## - DEWEY DECIMAL CLASSIFICATION NUMBER
Classification number B11x54 D26
100 ## - MAIN ENTRY--PERSONAL NAME
Personal name Dasgupta, Subhayu
245 ## - TITLE STATEMENT
Title Hindu ethos and the challenge of change
Statement of responsibility, etc. by Subhayu Dasgupta
260 ## - PUBLICATION, DISTRIBUTION, ETC.
Place of publication, distribution, etc. Calcutta
Name of publisher, distributor, etc. Minerva
Date of publication, distribution, etc. 1972
300 ## - PHYSICAL DESCRIPTION
Extent 277p.
500 ## - GENERAL NOTE
General note Rs.60.00
650 ## - SUBJECT ADDED ENTRY--TOPICAL TERM
Topical term or geographic name entry element Social Change - India
650 ## - SUBJECT ADDED ENTRY--TOPICAL TERM
Topical term or geographic name entry element Civilization - India
Holdings
Withdrawn status Lost status Damaged status Not for loan Permanent Location Current Location Date acquired Full call number Barcode Date last seen Price effective from Koha item type
        Indian Institute of Public Administration Indian Institute of Public Administration 1993-09-29 B11x54 D26 47456 2018-07-21 2018-07-21 Book

Powered by Koha